Statistics for UEFA Clubs to Nations Map

Click here to take the quiz!

General Stats

  • This quiz has been taken 98 times
    (41 since last reset)
  • The average score is 30 of 54

Answer Stats

Answer % Correct
Benfica
96%
Real Madrid
96%
Manchester United
93%
Saint-Étienne
89%
Rangers
79%
Malmö
75%
Spartak Moscow
71%
Galatasaray
71%
Astana
71%
Juventus
68%
Olympiacos
68%
KR (Reykjavíkur)
68%
Maccabi Tel Aviv
68%
Ajax
68%
Dynamo Kyiv
64%
CSKA Sofia
64%
APOEL
64%
HJK (Helsingin)
64%
Dinamo Zagreb
64%
Rosenborg
64%
Sparta Prague
64%
Bayern
64%
Slovan Bratislava
61%
Partizan
61%
KB (Kjøbenhavns)
61%
Anderlecht
61%
BATE
57%
Rapid
57%
Grasshopper
57%
Dinamo Tbilisi
57%
Ferencváros
54%
Dundalk
54%
Linfield
50%
Prishtina
50%
Tirana
50%
Kaunas†
46%
New Saints
46%
Górnik/Wisła
43%
Maribor
43%
Jeunesse
39%
FCSB
39%
Neftchi
36%
Santa Coloma
36%
Flora
32%
Lincoln Red Imps
32%
Tre Fiori
32%
HB (Havnar)
32%
Sheriff
32%
Željezničar
29%
Skonto
29%
Vardar
29%
Sutjeska
21%
Pyunik
21%
Sliema Wanderers
18%

Score Distribution

Percentile by Number Answered

Percent of People with Each Score

Your Score History

You have not taken this quiz since the last reset